क्षितीज अपना अपना (Record no. 173550)

MARC details
000 -LEADER
fixed length control field 00903nam a22002057a 4500
003 - CONTROL NUMBER IDENTIFIER
control field dpl
005 - DATE AND TIME OF LATEST TRANSACTION
control field 20200302140631.0
008 - FIXED-LENGTH DATA ELEMENTS--GENERAL INFORMATION
fixed length control field 200302b ||||| |||| 00| 0 eng d
010 ## - LIBRARY OF CONGRESS CONTROL NUMBER
LC control number B-39050
020 ## - INTERNATIONAL STANDARD BOOK NUMBER
International Standard Book Number 8187214279
Terms of availability 80.00
040 ## - CATALOGING SOURCE
Original cataloging agency Dpl
Language of cataloging HN
Transcribing agency 0
050 ## - LIBRARY OF CONGRESS CALL NUMBER
Classification number 823.08
Item number क्षितिज
082 ## - DEWEY DECIMAL CLASSIFICATION NUMBER
Classification number 823.08
Item number क्षितीज
100 ## - MAIN ENTRY--PERSONAL NAME
Personal name सिन्हा, संतोष
245 ## - TITLE STATEMENT
Title क्षितीज अपना अपना
Statement of responsibility, etc सन्तोष सिन्हा
Medium HN
260 ## - PUBLICATION, DISTRIBUTION, ETC. (IMPRINT)
Place of publication, distribution, etc दिल्ली
Name of publisher, distributor, etc बजरंग प्रकाशन
Date of publication, distribution, etc 2000
270 ## - ADDRESS
Address आर जैड/ई-5,वैस्ट सागरपुर,(पंखा रोड)
City नई दिल्ली
Country इंडिया
Postal code 110046
300 ## - PHYSICAL DESCRIPTION
Extent 9494 प्र
Dimensions 12 सेमी
942 ## - ADDED ENTRY ELEMENTS (KOHA)
Source of classification or shelving scheme Dewey Decimal Classification
Koha item type Hindi Books
Classification part 823.08
Item part क्षितीज
Call number prefix 823.08
Call number suffix क्षितीज

No items available.


© Delhi Public Library
Hit Counter
free hit counter